书目信息 |
| 题名: |
大宅门内话管理
|
|
| 作者: | 谢虹霞 著 | |
| 分册: | ||
| 出版信息: | 北京 中国纺织出版社 2005.01 |
|
| 页数: | 259页 | |
| 开本: | 24cm | |
| 丛书名: | ||
| 单 册: | ||
| 中图分类: | F270 | |
| 科图分类: | ||
| 主题词: | 企业管理--qi ye guan li | |
| 电子资源: | ||
| ISBN: | 7-5064-3214-5 | |
| 000 | 00816nam0 2200229 450 | |
| 001 | 012006460640 | |
| 005 | 20060920112058.67 | |
| 010 | @a7-5064-3214-5@dCNY28.00 | |
| 100 | @a20060703d2005 km y0chiy0120 ea | |
| 101 | 0 | @achi |
| 102 | @aCN@b110000 | |
| 105 | @ay a 000yy | |
| 200 | 1 | @a大宅门内话管理@Ada zhai men nei hua guan li@f谢虹霞著@Fxie hong xia zhu |
| 210 | @a北京@c中国纺织出版社@d2005.01 | |
| 215 | @a259页@d24cm | |
| 320 | @a有书目。 | |
| 330 | @a本书从电视剧《大宅门》三代掌门人的自身管理特色入手,分析了他们不同的管理手段,涉及了企业管理的各方面:沟通、选人用人、核心竞争力、权力、决策管理、品牌管理、资金管理、企业文化、计划管理等等。 | |
| 606 | 0 | @a企业管理@Aqi ye guan li |
| 690 | @aF270@v4 | |
| 701 | 0 | @a谢虹霞@Axie hong xia@4著 |
| 801 | 0 | @aCN@bQSSK@c20060920 |
| 905 | @a10447@dF270@eX447 | |
| 大宅门内话管理/谢虹霞著.-北京:中国纺织出版社,2005.01 |
| 259页;24cm |
| ISBN 7-5064-3214-5:CNY28.00 |
| 本书从电视剧《大宅门》三代掌门人的自身管理特色入手,分析了他们不同的管理手段,涉及了企业管理的各方面:沟通、选人用人、核心竞争力、权力、决策管理、品牌管理、资金管理、企业文化、计划管理等等。 |
| ● |
| 相关链接 |
|
|
|
正题名:大宅门内话管理
索取号:F270/X447
 
预约/预借
| 序号 | 登录号 | 条形码 | 馆藏地/架位号 | 状态 | 备注 |
| 1 | 593226 | 205932268 | 社科库409/409社科库 85排2列3层/ [索取号:F270/X447] | 在馆 | |
| 2 | 593227 | 205932277 | 社科库409/409社科库 85排2列3层/ [索取号:F270/X447] | 在馆 | |
| 3 | 593228 | 205932286 | 社科库409/409社科库 85排2列3层/ [索取号:F270/X447] | 在馆 |